| Tag |
First Indicator |
Second Indicator |
Subfields |
| LEADER |
00000cam a22000007a 4500 |
| 001 |
in00005773607 |
| 005 |
20260327180323.2 |
| 006 |
m o d |
| 007 |
cr |n||||||||| |
| 008 |
240915s2024 xx o 000 0 eng d |
| 040 |
|
|
|a YDX
|b eng
|c YDX
|d OCLCO
|d OPELS
|d N$T
|d OCLCO
|d UKAHL
|d OCLCQ
|d UKMGB
|d OCLCL
|
| 015 |
|
|
|a GBC4B3904
|2 bnb
|
| 016 |
7 |
|
|a 300295366
|2 Uk
|
| 020 |
|
|
|a 9780443133299
|q (electronic bk.)
|
| 020 |
|
|
|a 0443133298
|q (electronic bk.)
|
| 020 |
|
|
|z 9780443339776
|
| 020 |
|
|
|z 0443339775
|
| 024 |
8 |
|
|a CIPO000123485
|
| 035 |
|
|
|a (OCoLC)1455747745
|
| 050 |
|
4 |
|a RC660
|
| 082 |
0 |
4 |
|a 616.4/62
|2 23/eng/20241016
|
| 049 |
|
|
|a TXAM
|
| 100 |
1 |
|
|a PIERRE-JEROME, CLAUDE.
|
| 245 |
1 |
0 |
|a MYOPATHIES AND TENDINOPATHIES OF THE DIABETIC FOOT :
|b anatomy, pathomechanics, and imaging.
|
| 260 |
|
|
|a [S.l.] :
|b Academic Press,
|c 2024.
|
| 300 |
|
|
|a 1 online resource
|
| 336 |
|
|
|a text
|b txt
|2 rdacontent
|
| 337 |
|
|
|a computer
|b c
|2 rdamedia
|
| 338 |
|
|
|a online resource
|b cr
|2 rdacarrier
|
| 650 |
|
0 |
|a Diabetes
|x Complications.
|
| 650 |
|
0 |
|a Foot
|x Diseases.
|
| 650 |
|
2 |
|a Diabetes Complications
|
| 650 |
|
2 |
|a Foot Diseases
|
| 650 |
|
6 |
|a Diabète
|x Complications et séquelles.
|
| 650 |
|
6 |
|a Pied
|x Maladies.
|
| 655 |
|
7 |
|a Electronic books.
|2 local
|
| 710 |
2 |
|
|a ScienceDirect (Online service)
|
| 776 |
0 |
8 |
|i Print version:
|z 0443339775
|z 9780443339776
|w (OCoLC)1381441609
|
| 856 |
4 |
0 |
|u http://proxy.library.tamu.edu/login?url=https://www.sciencedirect.com/science/book/9780443133282
|z Connect to the full text of this electronic book
|t 0
|
| 955 |
|
|
|a Elsevier ScienceDirect 2026-2027
|
| 994 |
|
|
|a 92
|b TXA
|
| 999 |
f |
f |
|i d6ae2857-ee8b-44bc-bacc-3a0f0952fd32
|s e51236ab-5a77-4637-8d8e-74748a04fc39
|t 0
|
| 952 |
f |
f |
|a Texas A&M University
|b College Station
|c Electronic Resources
|s www_evans
|d Available Online
|t 0
|e RC660
|h Library of Congress classification
|
| 998 |
f |
f |
|a RC660
|t 0
|l Available Online
|